Entrepreneurship in Action (Record no. 1949)

MARC details
000 -LEADER
fixed length control field 00327nam a22001337a 4500
008 - FIXED-LENGTH DATA ELEMENTS--GENERAL INFORMATION
fixed length control field 250217b |||||||| |||| 00| 0 eng d
020 ## - INTERNATIONAL STANDARD BOOK NUMBER
ISBN 01139460888
100 ## - MAIN ENTRY--AUTHOR
Author COWTER, Mary
245 ## - TITLE STATEMENT
Title Entrepreneurship in Action
260 ## - PUBLICATION, DISTRIBUTION, ETC. (IMPRINT)
Place of publication U.S.A
Name of publisher Coulter mark K.
Date of publication 2001
300 ## - COLLATION
Pagination XXIV, 353P.
942 ## - ADDED ENTRY ELEMENTS (KOHA)
Item type Books
050 ## - LIBRARY OF CONGRESS CALL NUMBER
Classification number HD62.5
Item number .C68
Holdings
Source of classification or shelving scheme Not for loan Permanent location Current location Date acquired Accession No. Full call number Barcode. Koha item type
Library of Congress Classification   Samuel Ogbemudia Main Library, University of Abuja Samuel Ogbemudia Main Library, University of Abuja 02/17/2025 2009/39108 HD62.5.C68 2025-0083 Books